|
|
|
|
| LEADER |
00000nam0a2200000 4500 |
| 001 |
261881 |
| 005 |
20231101233613.0 |
| 035 |
|
|
|a (RuTPU)RU\TPU\book\284863
|
| 090 |
|
|
|a 261881
|
| 100 |
|
|
|a 20140528d1968 k y0rusy50 ca
|
| 101 |
1 |
|
|a rus
|c eng
|
| 102 |
|
|
|a RU
|
| 105 |
|
|
|a a z 001zy
|
| 200 |
1 |
|
|a Нестационарное распространение пламени
|e пер. с англ.
|f под ред. Дж. Г. Маркштейна
|
| 210 |
|
|
|a Москва
|c Мир
|d 1968
|
| 215 |
|
|
|a 437 с.
|c ил.
|
| 320 |
|
|
|a Библиогр. в конце гл.
|
| 606 |
1 |
|
|a Пламя
|x (физика)
|2 stltpush
|3 (RuTPU)RU\TPU\subj\48984
|9 67797
|
| 610 |
1 |
|
|a вибрационное горение
|
| 610 |
1 |
|
|a теория распространения пламени
|
| 610 |
1 |
|
|a неустойчивое пламя
|
| 675 |
|
|
|a 536.46
|v 3
|
| 702 |
|
1 |
|a Маркштейн
|b Дж. Г.
|g Джордж Г.
|4 340
|
| 801 |
|
1 |
|a RU
|b 63413507
|c 20140528
|
| 801 |
|
2 |
|a RU
|b 63413507
|c 20170118
|g RCR
|
| 942 |
|
|
|c BK
|